Metódy sociálnopsychologickej praxe

Gespeichert in:
Bibliographische Detailangaben
1. Verfasser: Kollárik, Teodor
Weitere Verfasser: Sollárová, Eva
Format: Buch
Sprache:Slowakisch
Veröffentlicht: Bratislava Ikar 2004
Schriftenreihe:Pegas
Schlagworte:
Tags: Tag hinzufügen
Keine Tags, Fügen Sie das erste Tag hinzu!

MARC

LEADER 00000nam$a2200000$$$4500
001 0013267
005 20240226122642.6
020 |a 80-551-0765-3 
041 0 |a slo 
044 |a SK 
245 1 0 |a Metódy sociálnopsychologickej praxe  |c Teodor Kollárik, Eva Sollárová 
264 1 |a Bratislava  |b Ikar  |c 2004 
300 |a 264 s. 
490 1 |a Pegas 
830 0 |a Pegas 
610 2 0 |a psychológia sociálna 
610 2 0 |a analýzy 
610 2 0 |a postoje 
610 2 0 |a metódy sociologické 
610 2 0 |a metódy výskumu 
610 2 0 |a diagnostikácia 
610 2 0 |a výber pracovníkov 
610 2 0 |a metódy štatistické 
100 1 |a Kollárik, Teodor 
700 1 |a Sollárová, Eva